000 00323nam a2200133Ia 4500
005 20251222143149.0
008 251222s9999||||xx |||||||||||||| ||spa||
020 _a84-329-9233-X
082 _a370.1/F94/1992
100 _aFullat, Octavi
245 0 _aFilosofías de la Educación Paideia
264 _bCEAC
942 _cLIB
999 _c12632
_d12632